BIBLIOTHÈQUE DE LA MAISON DU MEXIQUE

Logo 1 Logo 2

Industrialización, deuda y desequilibrio externo en México (notice nᵒ 8886)

détails MARC
000 -Sello discográfico
campo de control de longitud fija 01472nam a2200373 4500
005 - Identificación de versión
campo de control 20251016085109.0
010 ## - Número Estándar Internacional de Libros (ISBN)
Número (ISBN) 968-16-5395-5 (tercera edición)
035 ## - Otros números de control del sistema
Número de control del sistema 29780
099 ## - fechas locales
Tipo de ítem Koha LIBRO
100 ## - Datos de procesamiento general
Datos de procesamiento general 20021212d19971976m y1spay5003 ba
105 ## - Campo de datos codificados: Material textual, monográfico
Datos codificados de monografía a 001zy
200 1# - Título y mención de responsabilidad
Título propio Industrialización, deuda y desequilibrio externo en México
Designación general del material texto impreso
Otra información del título un enfoque neoestructuralista : 1929-1977
Primer mención de responsabilidad René Villarreal
205 ## - Declaración de edición
Declaración de edición 3a ed
210 ## - Publicación, distribución, etc.
Lugar de publicación, distribución, etc. México
Nombre del editor, distribuidor, etc. Fondo de Cultura Económica
Fecha de publicación, distribución, etc. 1997
215 ## - Descripción física
Designación de material específico y extensión del ítem 691 p
Otras características físicas il., cuadros, gráficas
Dimensiones 23 cm
300 ## - Notas generales
Texto de la nota Un enfoque macroindustrial de la crisis externa de 1994
320 ## - Nota de índices/bibliografías internas
Texto de la nota Incluye bibliografía: p.673-679
345 ## - Nota de información de adquisición
Fuente de adquisición/dirección de la suscripción [OBSOLETO] Donación
410 #1 - Series
Título Sección de Obras de Economía Latinoamericana
606 ## - Término temático usado como materia
Elemento de entrada Balanza de pagos
Subdivisión geográfica México
Subdivisión temática Historia
Subdivisión cronológica Siglo XX
Número Koha 15061
606 ## - Término temático usado como materia
Elemento de entrada Importaciones
Subdivisión temática Control
Subdivisión geográfica México
Subdivisión temática Historia
Subdivisión cronológica Siglo XX
Número Koha 15062
606 ## - Término temático usado como materia
Elemento de entrada Industrialización
Subdivisión geográfica México
Subdivisión temática Historia
Subdivisión cronológica Siglo XX
Número Koha 12165
606 ## - Término temático usado como materia
Elemento de entrada Política industrial
Subdivisión geográfica México
Subdivisión temática Historia
Subdivisión cronológica Siglo XX
Número Koha 15063
607 ## - Nombre geográfico utilizado como tema
Elemento de entrada México
Subdivisión temática Política económica
Número Koha 673
660 ## - Código de área geográfica
Código MX
700 ## - Nombre personal - Responsabilidad primaria
Elemento de entrada Villarreal
Parte del nombre distinta del elemento de entrada René
Número Koha 2803
801 #0 - Fuente de origen
País FR
Agencia cm
Reglas de catalogación (convenciones descriptivas) AFNOR
900 ## -
-- 1/3216
900 ## -
-- 7100215006\121202
942 ## - ELEMENTOS DE ENTRADA SECUNDARIOS (KOHA)
Tipo de ítem Koha Livre
996 ## -
-- MEX
-- 751145101
-- MMAG
-- 001745
-- 338.09 V722IN
-- 20120210LIV
Exemplaires
Estatus retirado Estado de daño Estado de pérdida Fecha de adquisición Biblioteca de origen Biblioteca actual Ubicación en estantería Código de barras Precio de reemplazo Signatura topográfica completa No para préstamo Tipo de ítem Koha Nota pública Nota no pública
      05/08/2025 Casa México Paris Casa México Paris   001745 05/08/2025 338.09 V722IN   Livre 20120210LIV 751145101